<?xml version="1.0" encoding="UTF-8"?>
<marc:record xmlns:marc="http://www.loc.gov/MARC21/slim">
   <marc:leader>00000nam a2200000 a 4500</marc:leader>
   <marc:datafield ind1="1" ind2=" " tag="100">
      <marc:subfield code="a">Gruber, Hans-Günter</marc:subfield>
      <marc:subfield code="4">aut</marc:subfield>
      <marc:subfield code="e">Verfasser/-in</marc:subfield>
   </marc:datafield>
   <marc:datafield ind1=" " ind2=" " tag="653">
      <marc:subfield code="a">Sozialarbeit</marc:subfield>
   </marc:datafield>
   <marc:datafield ind1=" " ind2=" " tag="653">
      <marc:subfield code="a">Ethik</marc:subfield>
   </marc:datafield>
   <marc:datafield ind1=" " ind2=" " tag="653">
      <marc:subfield code="a">Softcover / Soziologie</marc:subfield>
   </marc:datafield>
   <marc:datafield ind1="0" ind2="0" tag="245">
      <marc:subfield code="a">Ethisch denken und handeln</marc:subfield>
   </marc:datafield>
   <marc:datafield ind1="0" ind2="0" tag="245">
      <marc:subfield code="b">Grundzüge einer Ethik der sozialen Arbeit</marc:subfield>
   </marc:datafield>
   <marc:datafield ind1="0" ind2="0" tag="245">
      <marc:subfield code="c">von Hans-Günter Gruber</marc:subfield>
   </marc:datafield>
   <marc:datafield ind1=" " ind2="1" tag="264">
      <marc:subfield code="a">Stuttgart</marc:subfield>
      <marc:subfield code="b">Lucius &amp; Lucius</marc:subfield>
      <marc:subfield code="c">2009</marc:subfield>
   </marc:datafield>
   <marc:datafield ind1="1" ind2=" " tag="490">
      <marc:subfield code="a">Dimensionen sozialer Arbeit und der Pflege</marc:subfield>
      <marc:subfield code="v">Bd. 8</marc:subfield>
   </marc:datafield>
   <marc:datafield ind1=" " ind2=" " tag="250">
      <marc:subfield code="a">2., aktualisierte und verb. Aufl.</marc:subfield>
   </marc:datafield>
   <marc:datafield ind1="1" ind2=" " tag="520">
      <marc:subfield code="a">Angaben aus der Verlagsmeldung

Ethisch denken und handeln : Grundzüge einer Ethik der Sozialen Arbeit / von Hans G Gruber

In der Praxis der Sozialen Arbeit greifen Menschen handelnd in das Leben anderer Menschen ein. Dabei kommt es immer wieder auch zu Situationen, die keine vorgefertigten Lösungen zulassen, sondern eine ganz persönliche Stellungnahme und Abwägung der unterschiedlichen Ansprüche und Interessen erfordern. Wie in solchen ethischen Konfliktsituationen zu entscheiden ist, hat letztlich die zum Handeln aufgerufene Person zu bestimmen und zu verantworten. Was aber hat sie dabei alles zu berücksichtigen? Nach welchen Gesichtspunkten hat sie ihre Entscheidung zu treffen? Gibt es Kriterien, die den Prozess der ethischen Entscheidungsfindung der subjektiven Willkür entziehen und ihn zu einem verantwortlichen, nachvollziehbaren Geschehen machen?
Das vorliegende Buch gibt Antwort auf diese Fragen. Es entwirft eine handlungsorientierte Ethik der Sozialen Arbeit, aufgrund derer jede Sozialarbeiterin und jeder Sozialarbeiter das eigene professionelle Handeln auf seine ethische Stimmigkeit und Legitimität hin überprüfen kann.
</marc:subfield>
   </marc:datafield>
   <marc:datafield ind1=" " ind2=" " tag="020">
      <marc:subfield code="a">9783828204485</marc:subfield>
      <marc:subfield code="9">9783828204485</marc:subfield>
   </marc:datafield>
   <marc:datafield ind1=" " ind2=" " tag="041">
      <marc:subfield code="a">ger</marc:subfield>
   </marc:datafield>
   <marc:datafield ind1=" " ind2=" " tag="300">
      <marc:subfield code="a">236 S.</marc:subfield>
   </marc:datafield>
</marc:record>
